Army JROTC Ranks - Statistics

General Stats
  • This quiz has been taken 50 times
  • The average score is 14 of 17
Answer Stats
Paygrade Rank % Correct
C/E-1 Cadet Private
95%
C/E-2 Cadet Private
95%
C/E-5 Cadet Sergeant
89%
C/E-3 Cadet Private First Class
86%
C/E-4 Cadet Corporal
84%
C/E-6 Cadet Staff Sergeant
84%
C/E-8 Cadet First Sergeant
81%
C/E-9 Cadet Sergeant Major
81%
C/O-4 Cadet Major
78%
C/E-8 Cadet Master Sergeant
78%
C/E-7 Cadet Sergeant First Class
78%
C/O-6 Cadet Colonel
76%
C/O-3 Cadet Captain
73%
C/E-9 Cadet Command Sergeant Major
73%
C/O-2 Cadet First Lieutenant
73%
C/O-5 Cadet Lieutenant Colonel
70%
C/O-1 Cadet Second Lieutenant
70%
No matching quizzes found
Score Distribution
Percent of People with Each Score
Percentile by Number Answered
Your Score History
You have not taken this quiz